[Event "Hasselbacken Open 2016"]
[Site "Stockholm SWE"]
[Date "2016.05.07"]
[Round "8.4"]
[White "Almasi, Zoltan"]
[Black "Bok, Benjamin"]
[Result "1-0"]
[WhiteTitle "GM"]
[BlackTitle "GM"]
[WhiteElo "2682"]
[BlackElo "2604"]
[WhiteFideId "702293"]
[BlackFideId "1017063"]
[EventDate "2016.04.30"]

1. Nf3 Nf6 2. c4 c5 3. Nc3 d5 4. cxd5 Nxd5 5. g3 Nc6 6. Bg2 g6 7. O-O Bg7 8. Qa4
O-O 9. Qc4 Nxc3 10. dxc3 Qb6 11. Qh4 Re8 12. Ng5 h6 13. Nf3 g5 14. Qh5 Bf5 15.
h4 Bg6 16. Qg4 f5 17. Qa4 g4 18. Nd2 Ne5 19. Nb3 Bf7 20. Qf4 e6 21. Be3 Rac8 22.
Nxc5 Qxb2 23. Nxb7 Ng6 24. Qa4 Rxc3 25. Nd6 Ra3 26. Qc6 Rc3 27. Qd7 Ne5 28. Qxa7
Ra3 29. Qc5 Rc3 30. Rab1 Qxa2 31. Qxc3 Nf3+ 32. exf3 Bxc3 33. Nxe8 Bxe8 34. Rb8
Kf7 35. fxg4 fxg4 36. Rfb1 Qa4 37. Ra8 Ba5 38. Kh2 Kg6 39. Rbb8 Bf7 40. Bb6 1-0

[Event "Hasselbacken Open 2016"]
[Site "Stockholm SWE"]
[Date "2016.05.07"]
[Round "8.5"]
[White "Goganov, Aleksey"]
[Black "Adhiban, Baskaran"]
[Result "0-1"]
[WhiteTitle "GM"]
[BlackTitle "GM"]
[WhiteElo "2591"]
[BlackElo "2663"]
[WhiteFideId "24109959"]
[BlackFideId "5018471"]
[EventDate "2016.04.30"]

1. Nf3 Nf6 2. g3 g6 3. c4 Bg7 4. Bg2 O-O 5. O-O d6 6. Nc3 e5 7. d4 Nbd7 8. b3
Re8 9. e4 c6 10. Re1 exd4 11. Nxd4 Ng4 12. h3 Nxf2 13. Kxf2 Qf6+ 14. Ke3 Nc5 15.
Bb2 d5 16. cxd5 Bh6+ 17. Ke2 b6 18. Nf3 Ba6+ 19. Kf2 Nd3+ 20. Kg1 Nxb2 21. Qc2
Nd3 22. e5 Nxe1 23. Rxe1 Qf5 24. Ne4 cxd5 25. Nf6+ Kh8 26. Qxf5 gxf5 27. Nxe8
Rxe8 28. Nh4 Bd2 29. Rd1 Be3+ 30. Kh2 f4 31. Rxd5 Bf2 32. Nf5 fxg3+ 33. Kh1 Rc8
34. Rd1 Be2 35. Ra1 Rc5 36. Nd6 Kg7 37. Ne8+ Kg6 0-1

[Event "Hasselbacken Open 2016"]
[Site "Stockholm SWE"]
[Date "2016.05.07"]
[Round "8.6"]
[White "Sethuraman, S.P."]
[Black "Sevian, Samuel"]
[Result "1/2-1/2"]
[WhiteTitle "GM"]
[BlackTitle "GM"]
[WhiteElo "2658"]
[BlackElo "2589"]
[WhiteFideId "5021596"]
[BlackFideId "2040506"]
[EventDate "2016.04.30"]

1. e4 e5 2. Nf3 Nc6 3. Bc4 Bc5 4. O-O Nf6 5. d3 O-O 6. Re1 d6 7. c3 Ne7 8. d4
Bb6 9. h3 Ng6 10. Bd3 h6 11. Be3 c6 12. Nbd2 Bc7 13. c4 Nh5 14. Bf1 Nhf4 15. Qb3
Bb6 16. c5 dxc5 17. dxc5 Bc7 18. Rad1 Qf6 19. Kh2 b5 20. cxb6 axb6 21. a4 Rb8
22. Qc2 c5 23. b4 Ne6 24. bxc5 bxc5 25. Rb1 Bd7 26. Bb5 Qe7 27. Rec1 Bd6 28.
Bxd7 Qxd7 29. Qc4 Nd4 30. a5 Ra8 31. a6 Qc6 32. Ra1 Ra7 33. Ra5 Rfa8 34. Rca1
Rb8 35. R5a4 Nf8 36. Kg1 Nfe6 37. Nh4 Nc7 38. Nf5 Rb6 39. Bxd4 exd4 40. Nf3 Bf8
41. e5 Raxa6 42. Rxa6 Nxa6 43. Qc1 Nc7 44. Qf4 Ne6 45. Qg4 g6 46. h4 h5 47. Qg3
Qe4 48. Nd6 Rb1+ 49. Rxb1 Qxb1+ 50. Kh2 Qd3 51. Nxf7 c4 52. N7g5 Nxg5 53. Qxg5
c3 54. Qf6 Qf5 55. Qxf5 gxf5 56. Nxd4 Bc5 57. Ne2 c2 58. Kg3 Kf7 59. Kf4 Kg6 60.
e6 Kf6 61. e7 Bxe7 62. Ke3 Bc5+ 63. Kd2 Bxf2 64. Kxc2 Bxh4 65. Kd3 Bg5 66. Ng1
Ke5 67. g3 Bd8 68. Nf3+ Kf6 69. Ke2 Ke6 70. Nd4+ Kf6 71. Kf3 Bb6 72. Ne2 Bc7 73.
Nd4 Be5 74. Nc2 Ke6 75. Ne3 Bd4 76. Ng2 Kf6 77. Nf4 Be5 78. Ng2 Kg5 79. Ne3 Bxg3
80. Nxf5 Kxf5 81. Kxg3 Kg5 82. Kh3 h4 83. Kh2 Kg4 84. Kg2 h3+ 85. Kh2 Kh4 86.
Kh1 Kg3 87. Kg1 h2+ 88. Kh1 Kh3 1/2-1/2

[Event "Hasselbacken Open 2016"]
[Site "Stockholm SWE"]
[Date "2016.05.07"]
[Round "8.7"]
[White "Predojevic, Borki"]
[Black "Rozentalis, Eduardas"]
[Result "1-0"]
[WhiteTitle "GM"]
[BlackTitle "GM"]
[WhiteElo "2654"]
[BlackElo "2584"]
[WhiteFideId "930849"]
[BlackFideId "12800023"]
[EventDate "2016.04.30"]

1. c4 e6 2. g3 Nf6 3. Bg2 d5 4. d4 Be7 5. Nf3 O-O 6. O-O dxc4 7. Qc2 a6 8. a4
Bd7 9. Qxc4 Bc6 10. Bg5 h6 11. Bxf6 Bxf6 12. Nc3 Bxf3 13. Bxf3 c6 14. Qb3 Ra7
15. Ne4 a5 16. Nxf6+ Qxf6 17. Qb6 Ra6 18. Qxb7 Qxd4 19. Rfd1 Qb6 20. Qxb6 Rxb6
21. Rac1 Rb4 22. b3 Rb6 23. Rc5 Ra6 24. Rdc1 Rc8 25. Rb5 Nd7 26. Rb7 Nf6 27. Kg2
Kf8 28. h4 g6 29. Rc3 Kg7 30. e4 Raa8 31. e5 Nd5 32. Rc5 h5 33. Rd7 Rab8 34.
Rxa5 Rxb3 35. Raa7 Rf8 36. Rd6 Kg8 37. Rxc6 Nc3 38. a5 Nb5 39. Rd7 Ra3 40. a6
Kg7 41. Rc5 1-0

[Event "Hasselbacken Open 2016"]
[Site "Stockholm SWE"]
[Date "2016.05.07"]
[Round "8.8"]
[White "Sasikiran, Krishnan"]
[Black "Libiszewski, Fabien"]
[Result "1/2-1/2"]
[WhiteTitle "GM"]
[BlackTitle "GM"]
[WhiteElo "2643"]
[BlackElo "2520"]
[WhiteFideId "5004985"]
[BlackFideId "616834"]
[EventDate "2016.04.30"]

1. d4 d5 2. c4 e6 3. Nf3 Nf6 4. Nc3 Nbd7 5. cxd5 exd5 6. g3 c6 7. Bg2 Bd6 8. O-O
O-O 9. Qc2 Re8 10. Nh4 Nf8 11. Rd1 Ne6 12. a3 a5 13. Rb1 g6 14. b4 Qe7 15. Qb3
b5 16. e4 dxe4 17. Nxe4 Nxe4 18. Bxe4 Ng5 19. Bxg5 Qxe4 20. d5 axb4 21. axb4
cxd5 22. Qxd5 Bb7 23. Qxe4 Bxe4 24. Rb2 Bf8 25. f3 Bc6 26. Kf2 Ra4 27. Rdb1 Bd5
28. Bf6 Ba2 29. Ra1 Be6 30. Rab1 Rc8 31. Ng2 Bf5 32. Rd1 Rxb4 33. Rbd2 Ra4 34.
Ne3 Be6 35. Nd5 b4 36. Ne7+ Bxe7 37. Bxe7 Kg7 38. g4 f6 39. Rd6 Ra2+ 40. Kg3 Re2
41. Rb6 Rcc2 42. h4 h6 43. Bxb4 Rg2+ 44. Kf4 g5+ 45. hxg5 hxg5+ 46. Ke3 Rge2+
47. Kd3 Bc4+ 48. Kd4 Re5 49. Re1 Rd5+ 50. Ke4 Re5+ 51. Kd4 Be2 52. Bc3 Bxf3 53.
Rxe5 fxe5+ 54. Kd3 Re2 55. Re6 Bxg4 56. Rxe5 1/2-1/2

[Event "Hasselbacken Open 2016"]
[Site "Stockholm SWE"]
[Date "2016.05.07"]
[Round "8.9"]
[White "Greenfeld, Alon"]
[Black "Mareco, Sandro"]
[Result "1-0"]
[WhiteTitle "GM"]
[BlackTitle "GM"]
[WhiteElo "2541"]
[BlackElo "2625"]
[WhiteFideId "2800039"]
[BlackFideId "112275"]
[EventDate "2016.04.30"]

1. d4 Nf6 2. c4 e6 3. Nf3 b6 4. g3 Ba6 5. Qb3 Nc6 6. Nbd2 Na5 7. Qc3 c5 8. dxc5
bxc5 9. e4 Bb7 10. e5 Ne4 11. Nxe4 Bxe4 12. Bg2 Be7 13. O-O O-O 14. Qe3 Bf5 15.
b3 Nc6 16. Rd1 Nb4 17. Ne1 Rc8 18. Bb2 a5 19. Rd2 Qc7 20. Be4 Bxe4 21. Qxe4 Rfd8
22. Nd3 Ra8 23. a4 Qc6 24. Qg4 Nxd3 25. Rxd3 Rdb8 26. Rad1 Rb7 27. Rf3 Qc8 28.
Rdd3 Qe8 29. h4 Kh8 30. h5 h6 31. Bc1 Rab8 32. Bd2 Bd8 33. Kg2 Bc7 34. Qe4 Qe7
35. Bxh6 gxh6 36. Rf6 Kg7 37. Qf4 d5 38. Rf3 Kg8 39. cxd5 Rb4 40. Qxh6 exd5 41.
e6 1-0

[Event "Hasselbacken Open 2016"]
[Site "Stockholm SWE"]
[Date "2016.05.07"]
[Round "8.10"]
[White "Mikhalevski, Victor"]
[Black "Onischuk, Vladimir"]
[Result "1-0"]
[WhiteTitle "GM"]
[BlackTitle "GM"]
[WhiteElo "2516"]
[BlackElo "2620"]
[WhiteFideId "2801914"]
[BlackFideId "14114038"]
[EventDate "2016.04.30"]

1. d4 d6 2. c4 g6 3. Nc3 Bg7 4. e4 Nf6 5. Be2 O-O 6. Nf3 Nbd7 7. O-O e5 8. Re1
c6 9. Bf1 Ne8 10. Bg5 f6 11. Be3 f5 12. exf5 gxf5 13. dxe5 dxe5 14. Bc5 e4 15.
Bxf8 Kxf8 16. Nd4 Ne5 17. Qd2 Qf6 18. Nxe4 fxe4 19. Rxe4 Nf7 20. Rae1 Ned6 21.
Rf4 Bh6 22. Rxf6 Bxd2 23. Re2 Bg5 24. Rf3 Nxc4 25. Ne6+ Bxe6 26. Rxe6 Nd2 27.
Rd3 Rd8 28. Be2 a5 29. f3 Re8 30. Rxe8+ Kxe8 31. h4 Bh6 32. Rc3 Nd6 33. Bd3 c5
34. Kf2 c4 35. Bxh7 b5 36. Ra3 a4 37. Ke2 Kf7 38. g3 Ke6 39. f4 N2e4 40. Kf3 Nc5
41. Re3+ Kd7 42. Re5 Kc6 43. g4 Bg7 44. Re2 b4 45. h5 b3 46. axb3 cxb3 47. g5
Bxb2 48. Rxb2 a3 49. Bb1 axb2 50. g6 Nc4 51. g7 Nd2+ 52. Kg4 Nxb1 53. g8=Q Nc3
54. Qg6+ Kb5 55. h6 N3e4 56. h7 b1=Q 57. Qe8+ Kc4 58. Qg8+ Kd3 59. Qd5+ Ke3 60.
h8=Q Nf2+ 61. Kh4 Ncd3 62. Qe8+ Kd2 63. Qa5+ Kd1 64. Qeh5+ Kc1 65. Qe2 Qb2 66.
Qxb2+ Kxb2 67. f5 Kc2 68. Qc7+ Kd1 69. f6 b2 70. Qb6 Kc2 71. Qc6+ Kd2 72. Qb5
Kc2 73. Qc4+ Kd2 74. Qb3 Kc1 75. Qc3+ Kd1 76. Qb3+ Kc1 77. Qc3+ Kd1 78. f7 b1=Q
79. f8=Q Qb7 80. Qa1+ Ke2 81. Qe8+ Qe4+ 82. Qxe4+ Nxe4 83. Kg4 Nef2+ 84. Kf5 Ke3
85. Qa7+ Ke2 86. Qb6 Kd2 87. Qd4 Ke2 88. Kg5 Kf3 89. Kf5 Ke2 90. Ke6 Kf3 91. Kd5
Nf4+ 92. Kc4 N2d3 93. Kb3 Nf2 94. Qc3+ Kg4 95. Qe3 N2h3 96. Kc4 Kf5 97. Qc5+ Kg4
98. Qb5 Ng5 99. Kd4 Nge6+ 100. Ke5 Ng5 101. Qd7+ Nge6 102. Qc8 Kf3 103. Qc4 Kg4
104. Qb3 Kh4 105. Qf3 Nh3 106. Kf6 Nhg5 107. Qg2 Kh5 108. Qg1 Kh4 109. Qg2 Kh5
110. Qb2 Kg4 111. Qb4+ Nf4 112. Qc4 Ne6 113. Qe4 Kg3 114. Qe3+ Kg4 115. Ke5 Kh4
116. Kf5 Kh5 117. Qe5 Kh4 118. Qc3 1-0

[Event "Hasselbacken Open 2016"]
[Site "Stockholm SWE"]
[Date "2016.05.07"]
[Round "8.11"]
[White "Landa, Konstantin"]
[Black "Cramling, Dan"]
[Result "1/2-1/2"]
[WhiteTitle "GM"]
[BlackTitle "IM"]
[WhiteElo "2618"]
[BlackElo "2354"]
[WhiteFideId "4101685"]
[BlackFideId "1700162"]
[EventDate "2016.04.30"]

1. d4 Nf6 2. Nf3 c5 3. d5 d6 4. Nc3 Qa5 5. Bd2 b5 6. a3 a6 7. e4 Qc7 8. Qe2 g6
9. e5 dxe5 10. Qxe5 Qxe5+ 11. Nxe5 Bb7 12. Be2 Nxd5 13. Bf3 e6 14. O-O-O Bg7 15.
Nxd5 Bxd5 16. Bxd5 exd5 17. Bf4 f6 18. Nd3 Bf8 19. Rhe1+ Kf7 20. Kb1 Nc6 21. Bc7
Rc8 22. Bb6 Nb8 23. b4 Nd7 24. Ba5 d4 25. Nf4 Ne5 26. Nd5 Nc6 27. Bb6 cxb4 28.
axb4 Nxb4 29. Nc7 d3 30. c3 Bd6 31. cxb4 Bxc7 32. Bc5 Rhe8 33. Rxe8 Rxe8 34.
Rxd3 Rd8 35. Ra3 Ra8 36. Rd3 Rd8 37. Ra3 Ra8 38. Rd3 1/2-1/2

[Event "Hasselbacken Open 2016"]
[Site "Stockholm SWE"]
[Date "2016.05.07"]
[Round "8.12"]
[White "Bachmann, Axel"]
[Black "Urkedal, Frode"]
[Result "1-0"]
[WhiteTitle "GM"]
[BlackTitle "IM"]
[WhiteElo "2621"]
[BlackElo "2549"]
[WhiteFideId "3700488"]
[BlackFideId "1506102"]
[EventDate "2016.04.30"]

1. d4 Nf6 2. c4 e6 3. Nc3 Bb4 4. g3 O-O 5. Bg2 d6 6. Qb3 c5 7. Nf3 Nc6 8. dxc5
Bxc5 9. O-O Na5 10. Qc2 Nxc4 11. Na4 Qc7 12. Rd1 Bd7 13. Nxc5 Qxc5 14. b3 Nb6
15. Qxc5 dxc5 16. Ne5 Bb5 17. Bxb7 Bxe2 18. Rd2 Rab8 19. Bc6 Ba6 20. Ba3 Rfc8
21. Bxc5 Rd8 22. Rxd8+ Rxd8 23. a4 Nfd5 24. a5 Nc8 25. Rd1 f6 26. Bd7 Rxd7 27.
Nxd7 Bb5 28. Nb8 Kf7 29. Rc1 a6 30. f4 e5 31. fxe5 fxe5 32. Ba3 Na7 33. Re1 Ke6
34. Bb2 Nb4 35. Rxe5+ Kd6 36. Rh5 Nd3 37. Bd4 Nc8 38. Rxh7 Kc7 39. Nxa6+ Bxa6
40. Rxg7+ Kc6 41. Rg6+ Nd6 42. h4 Kd5 43. h5 Ne1 44. Bc3 1-0

[Event "Hasselbacken Open 2016"]
[Site "Stockholm SWE"]
[Date "2016.05.07"]
[Round "8.13"]
[White "Forsberg, Viktor"]
[Black "Shirov, Alexei"]
[Result "0-1"]
[WhiteTitle "FM"]
[BlackTitle "GM"]
[WhiteElo "2370"]
[BlackElo "2686"]
[WhiteFideId "1707914"]
[BlackFideId "2209390"]
[EventDate "2016.04.30"]

1. e4 e5 2. Nf3 Nc6 3. Nc3 g6 4. Bc4 Bg7 5. a3 d6 6. d3 Nf6 7. Be3 Be6 8. Bxe6
fxe6 9. Ng5 Qe7 10. f3 d5 11. Ne2 O-O-O 12. Ng3 Bh6 13. h4 Ne8 14. Qe2 Bg7 15.
Qf2 Bf6 16. Ne2 h6 17. Nh3 Bxh4 18. g3 Bf6 19. O-O-O Nd6 20. Rh2 Bg7 21. Rdh1
Rhf8 22. Qg2 Qf6 23. Neg1 dxe4 24. dxe4 Nxe4 25. c3 Nxc3 26. bxc3 Rd3 27. Nf2
Rxe3 28. Ng4 Rxc3+ 29. Kb2 Qd8 30. Kxc3 e4+ 31. Kc2 Qd3+ 32. Kc1 Qxa3+ 0-1

[Event "Hasselbacken Open 2016"]
[Site "Stockholm SWE"]
[Date "2016.05.07"]
[Round "8.14"]
[White "Postny, Evgeny"]
[Black "Rietze, Clemens"]
[Result "1-0"]
[WhiteTitle "GM"]
[BlackTitle "FM"]
[WhiteElo "2673"]
[BlackElo "2354"]
[WhiteFideId "2804344"]
[BlackFideId "24620351"]
[EventDate "2016.04.30"]

1. d4 f5 2. g3 Nf6 3. Bg2 g6 4. c4 Bg7 5. Nf3 d6 6. O-O O-O 7. Nc3 Qe8 8. b3 c6
9. Ba3 h6 10. Re1 Ne4 11. Qc2 Nxc3 12. Qxc3 c5 13. Qd2 cxd4 14. Nxd4 Nc6 15. Nb5
Qd8 16. Rad1 a6 17. Nc3 Qa5 18. Bb2 Be6 19. a3 Qb6 20. Bd5 Bxd5 21. Nxd5 Qxb3
22. Bxg7 Kxg7 23. Nc7 Qxa3 24. Rb1 Kh7 25. Nxa8 Rxa8 26. Rxb7 Ra7 27. Rxa7 Nxa7
28. Qd5 Qb4 29. Qf7+ Kh8 30. Qf8+ 1-0

[Event "Hasselbacken Open 2016"]
[Site "Stockholm SWE"]
[Date "2016.05.07"]
[Round "8.15"]
[White "Stefansson, Hannes"]
[Black "Lokander, Martin"]
[Result "1/2-1/2"]
[WhiteTitle "GM"]
[BlackTitle "FM"]
[WhiteElo "2581"]
[BlackElo "2348"]
[WhiteFideId "2300087"]
[BlackFideId "1709569"]
[EventDate "2016.04.30"]

1. e4 Nf6 2. e5 Nd5 3. d4 d6 4. c4 Nb6 5. exd6 exd6 6. Nc3 Nc6 7. Be3 Be7 8. Bd3
O-O 9. b3 Bf6 10. Nge2 Bg4 11. h3 Bh5 12. g4 Bg6 13. Bxg6 hxg6 14. Qd2 Qd7 15.
O-O-O a5 16. g5 Bd8 17. d5 Nb4 18. a3 Na6 19. a4 Nc5 20. Qc2 Re8 21. h4 Qf5 22.
Qxf5 gxf5 23. Kc2 Nbd7 24. Ng3 g6 25. Bd4 Be7 26. h5 Bxg5 27. hxg6 fxg6 28. Rh8+
Kf7 29. Rh7+ Kf8 30. Rdh1 Bf6 31. Nce2 f4 32. Rh8+ Bxh8 33. Rxh8+ Ke7 34. Rh7+ 1/2-1/2

[Event "Hasselbacken Open 2016"]
[Site "Stockholm SWE"]
[Date "2016.05.07"]
[Round "8.16"]
[White "Vorobiov, Evgeny E."]
[Black "Mihajlov, Sebastian"]
[Result "1/2-1/2"]
[WhiteTitle "GM"]
[BlackTitle "FM"]
[WhiteElo "2572"]
[BlackElo "2343"]
[WhiteFideId "4121341"]
[BlackFideId "1512110"]
[EventDate "2016.04.30"]

1. e4 e5 2. Nf3 Nc6 3. Bc4 Bc5 4. c3 Nf6 5. d3 d6 6. Nbd2 a6 7. Bb3 O-O 8. h3
Be6 9. O-O h6 10. Re1 Qd7 11. Nf1 Rfe8 12. Bxe6 fxe6 13. d4 exd4 14. cxd4 Ba7
15. Ng3 Rad8 16. Be3 d5 17. Ne5 Nxe5 18. dxe5 Nxe4 19. Bxa7 Nxg3 20. fxg3 b6 21.
Qd3 Ra8 22. Qxa6 c5 23. Qxb6 Qxa7 24. Qxa7 Rxa7 25. Rec1 c4 26. b3 cxb3 27. axb3
Rxa1 28. Rxa1 Rb8 29. g4 Rxb3 30. Ra8+ Kf7 31. Ra7+ Kf8 32. Ra8+ Kf7 1/2-1/2

[Event "Hasselbacken Open 2016"]
[Site "Stockholm SWE"]
[Date "2016.05.07"]
[Round "8.17"]
[White "Aguera Naredo, Javier"]
[Black "Burmakin, Vladimir"]
[Result "0-1"]
[WhiteTitle "FM"]
[BlackTitle "GM"]
[WhiteElo "2369"]
[BlackElo "2554"]
[WhiteFideId "2204169"]
[BlackFideId "4105109"]
[EventDate "2016.04.30"]

1. e4 c6 2. d4 d5 3. Nd2 dxe4 4. Nxe4 Nf6 5. Nxf6+ exf6 6. c3 Bd6 7. Bd3 O-O 8.
Ne2 Qc7 9. Qc2 h6 10. Be3 Nd7 11. O-O-O c5 12. Kb1 c4 13. Bh7+ Kh8 14. Be4 Re8
15. g4 Nb6 16. Rdg1 Qe7 17. Bf3 Be6 18. Ng3 Bd5 19. Bxd5 Nxd5 20. Nf5 Qe6 21.
Bd2 Bf4 22. Re1 Qc6 23. f3 b5 24. Re4 Bxd2 25. Rxe8+ Rxe8 26. Qxd2 Qe6 27. h4 h5
28. Rd1 hxg4 29. fxg4 Qe4+ 30. Ka1 Qxg4 31. Rf1 Re2 32. Qd1 Rf2 33. Qb1 Rxf1 34.
Qxf1 a6 35. a4 b4 36. cxb4 Nxb4 37. h5 Nc2+ 38. Ka2 Nb4+ 39. Ka1 Nc2+ 40. Ka2
Qxh5 41. Kb1 Nb4 42. Ne3 Qh7+ 43. Ka1 Kg8 44. Qg2 g5 45. Ng4 Kg7 46. Qf3 f5 47.
Nf2 Qh2 0-1

[Event "Hasselbacken Open 2016"]
[Site "Stockholm SWE"]
[Date "2016.05.07"]
[Round "8.18"]
[White "Bellon Lopez, Juan Manuel"]
[Black "Kjartansson, Gudmundur"]
[Result "0-1"]
[WhiteTitle "GM"]
[BlackTitle "IM"]
[WhiteElo "2345"]
[BlackElo "2457"]
[WhiteFideId "2200031"]
[BlackFideId "2301318"]
[EventDate "2016.04.30"]

1. d4 d5 2. Bf4 Nf6 3. e3 e6 4. Nd2 Bd6 5. c3 c5 6. Bxd6 Qxd6 7. Ngf3 Nc6 8. Qa4
cxd4 9. exd4 O-O 10. Be2 Bd7 11. O-O Rfc8 12. g3 Be8 13. Rfe1 Nd7 14. Bd3 Nf8
15. Qd1 f6 16. Re3 Bh5 17. Be2 Rc7 18. Nh4 Bxe2 19. Qxe2 e5 20. dxe5 fxe5 21.
Rd1 Qe6 22. Nb3 Rd8 23. Nf3 Ng6 24. Nbd4 Nxd4 25. Rxd4 Re8 26. Rd1 a6 27. Re1
Rce7 28. Qc2 Qf7 29. Ng5 Qf6 30. h4 h6 31. Rf3 Qc6 32. Nh3 e4 33. Rfe3 Qc8 34.
Nf4 Nxf4 35. gxf4 Qg4+ 36. Rg3 Qxf4 37. Qd1 Rf7 38. Qd4 Re5 39. Rg2 Rh5 40. Re3
Qxh4 41. Kf1 Qh1+ 42. Rg1 Rxf2+ 43. Kxf2 Rf5+ 44. Ke2 Qxg1 0-1

[Event "Hasselbacken Open 2016"]
[Site "Stockholm SWE"]
[Date "2016.05.07"]
[Round "8.19"]
[White "Pratyusha, Bodda"]
[Black "Christiansen, Johan-Sebastian"]
[Result "1/2-1/2"]
[WhiteTitle "WIM"]
[BlackTitle "IM"]
[WhiteElo "2318"]
[BlackElo "2410"]
[WhiteFideId "5000629"]
[BlackFideId "1512668"]
[EventDate "2016.04.30"]

1. d4 f5 2. Nc3 Nf6 3. Bg5 d5 4. f3 c5 5. e4 Nc6 6. Bb5 fxe4 7. fxe4 Nxe4 8.
Bxc6+ bxc6 9. Nxe4 dxe4 10. dxc5 Qd5 11. Qd2 Ba6 12. Rd1 Rd8 13. b3 h6 14. Be3
g5 15. c4 Qd3 16. Ne2 Bg7 17. Qc1 Qxd1+ 18. Qxd1 Rxd1+ 19. Kxd1 Kf7 20. Ng3 Rd8+
21. Ke2 Bc8 22. h4 Be5 23. Nxe4 Bg4+ 24. Kf2 Bf5 25. Ng3 Kg6 26. Nxf5 Kxf5 27.
hxg5 hxg5 28. g4+ Kxg4 29. Rg1+ Kf5 30. Rxg5+ Ke4 31. Ke2 Rh8 32. Rg4+ Kf5 33.
Rg5+ Ke4 34. Rg4+ Kf5 1/2-1/2

[Event "Hasselbacken Open 2016"]
[Site "Stockholm SWE"]
[Date "2016.05.07"]
[Round "8.20"]
[White "Grandell, Anders"]
[Black "Liang, Awonder"]
[Result "0-1"]
[WhiteTitle "FM"]
[BlackTitle "IM"]
[WhiteElo "2290"]
[BlackElo "2410"]
[WhiteFideId "1709771"]
[BlackFideId "2056437"]
[EventDate "2016.04.30"]

1. d4 d5 2. Nf3 Nf6 3. g3 g6 4. Bg2 Bg7 5. O-O O-O 6. c4 dxc4 7. Na3 c3 8. bxc3
c5 9. Ne5 Nc6 10. Nxc6 bxc6 11. Nc4 Nd5 12. Bb2 Rb8 13. Qd2 Ba6 14. Bxd5 Qxd5
15. Ne3 Qh5 16. Rfe1 Rfd8 17. Rad1 cxd4 18. cxd4 c5 19. g4 Qh4 20. Qa5 cxd4 21.
Bxd4 Bxd4 22. Rxd4 Rxd4 23. Qxa6 Rd7 24. Rc1 Rbd8 25. Rc8 e6 26. Kg2 Rxc8 27.
Qxc8+ Qd8 28. Qc3 Rd4 29. h3 h6 30. Qc5 Rd2 31. Qc4 Qd4 32. Qa6 Kg7 33. Kf3 Rb2
34. h4 Rb1 35. Qa5 e5 36. Nd5 Rg1 0-1

[Event "Hasselbacken Open 2016"]
[Site "Stockholm SWE"]
[Date "2016.05.07"]
[Round "8.21"]
[White "Thorn, Eric"]
[Black "Lindberg, Bo 1984"]
[Result "1-0"]
[BlackTitle "FM"]
[WhiteElo "2204"]
[BlackElo "2397"]
[WhiteFideId "1710729"]
[BlackFideId "1705997"]
[EventDate "2016.04.30"]

1. d4 f5 2. g3 Nf6 3. Bg2 g6 4. Nf3 Bg7 5. O-O O-O 6. c4 d6 7. Nc3 Qe8 8. d5 Na6
9. Rb1 Nc5 10. b3 e5 11. dxe6 Nfe4 12. Nxe4 Nxe4 13. Bb2 Bxb2 14. Rxb2 Qxe6 15.
Rc2 Qf6 16. Qd5+ Kg7 17. Nd2 Nc5 18. b4 c6 19. Qf3 Nd7 20. Qa3 Ne5 21. b5 Bd7
22. Rb1 Rf7 23. bxc6 Bxc6 24. Bxc6 Nxc6 25. Rcb2 Rb8 26. Nf3 b6 27. Rd2 Na5 28.
Rc1 Rd8 29. Nd4 Rc8 30. Nb5 Nxc4 31. Rxc4 Rxc4 32. Nxd6 Re4 33. Nxf7 Qxf7 34.
Qb2+ Kh6 35. Rd8 f4 36. Qd2 Qe7 37. Rd7 Qe5 38. gxf4 Rxf4 39. Rd5 Qe4 40. f3 Qb4
41. Qc1 Qc4 42. Qd2 g5 43. h4 Kh5 44. hxg5 Qb4 45. Qd3 Qe7 46. g6+ Kh4 47. Qd2 1-0

[Event "Hasselbacken Open 2016"]
[Site "Stockholm SWE"]
[Date "2016.05.07"]
[Round "8.22"]
[White "Blomqvist, Erik"]
[Black "Henriksson, Johan"]
[Result "1-0"]
[WhiteTitle "GM"]
[BlackTitle "FM"]
[WhiteElo "2515"]
[BlackElo "2208"]
[WhiteFideId "1709437"]
[BlackFideId "1703560"]
[EventDate "2016.04.30"]

1. c4 c6 2. Nf3 d5 3. g3 Nf6 4. Bg2 g6 5. b3 Bg7 6. Bb2 O-O 7. O-O b6 8. d3 Bb7
9. Qc2 c5 10. cxd5 Bxd5 11. Rd1 Nc6 12. e4 Nb4 13. Qe2 Bb7 14. Na3 Qd7 15. Ne5
Qe6 16. Nb5 Ne8 17. f4 a6 18. Nc3 Bxe5 19. fxe5 Nc6 20. Nd5 Nd4 21. Qe3 Nc2 22.
Qh6 Bxd5 23. exd5 Qg4 24. Rab1 Nd4 25. Rf1 Qe2 26. Be4 f5 27. Rf2 Qh5 28. Qxh5
gxh5 29. Bg2 Rd8 30. Rc1 Nb5 31. d6 e6 32. a4 Na7 33. d4 cxd4 34. Bxd4 Nc8 35.
Be3 Ng7 36. Rfc2 1-0

[Event "Hasselbacken Open 2016"]
[Site "Stockholm SWE"]
[Date "2016.05.07"]
[Round "8.23"]
[White "Wikner, Arvid"]
[Black "Donchenko, Alexander"]
[Result "0-1"]
[BlackTitle "GM"]
[WhiteElo "2241"]
[BlackElo "2573"]
[WhiteFideId "1702262"]
[BlackFideId "24603295"]
[EventDate "2016.04.30"]

1. e4 c6 2. Nf3 d5 3. Nc3 Nf6 4. e5 Ne4 5. Nxe4 dxe4 6. Ng5 Qd5 7. Qe2 Bf5 8. g4
Bg6 9. Bg2 Qxe5 10. Nxe4 e6 11. c3 h5 12. d4 Qc7 13. g5 Nd7 14. h4 Nb6 15. Bd2
Nd5 16. Qf3 O-O-O 17. O-O Bxe4 18. Qxe4 Bd6 19. c4 Ne7 20. Bh3 g6 21. Be3 Nf5
22. c5 Bh2+ 23. Kh1 Rd7 24. Rad1 Rhd8 25. Rd3 Be5 26. Rfd1 Bg7 27. Bf4 Qa5 28.
b4 Qxa2 29. Bg2 Rxd4 0-1

[Event "Hasselbacken Open 2016"]
[Site "Stockholm SWE"]
[Date "2016.05.07"]
[Round "8.24"]
[White "Eriksson, Jorgen"]
[Black "Tari, Aryan"]
[Result "0-1"]
[BlackTitle "IM"]
[WhiteElo "2231"]
[BlackElo "2549"]
[WhiteFideId "1701967"]
[BlackFideId "1510045"]
[EventDate "2016.04.30"]

1. d4 d5 2. Nf3 Nf6 3. Bf4 c5 4. e3 Nc6 5. c3 Qb6 6. Qb3 c4 7. Qc2 Bf5 8. Qc1
Nh5 9. Be2 Nxf4 10. exf4 e6 11. Nbd2 Be7 12. O-O O-O 13. b3 cxb3 14. axb3 Rfc8
15. Qb2 Nb4 16. Ne1 Nc6 17. Bd3 Bg6 18. Bxg6 hxg6 19. Nd3 Qb5 20. Qb1 Rc7 21. g3
Rac8 22. Rd1 a6 23. Kg2 Na5 24. Nc5 Bxc5 25. dxc5 Nc6 26. b4 a5 27. bxa5 Qxc5
28. Qb6 Nd8 29. Rdc1 Qxb6 30. axb6 Rc6 31. Ra3 Rxb6 32. Rca1 Kf8 33. Ra8 Rxa8
34. Rxa8 Ke7 35. Ra3 Rb2 36. Nb3 Nc6 37. Nc5 Kd6 38. Nd3 Rd2 39. Ne5 Nxe5 40.
fxe5+ Kc5 41. h4 Kc4 42. Ra4+ Kxc3 43. Rf4 b5 44. Rxf7 b4 45. Rc7+ Kd4 46. Rb7
Kc3 47. Rc7+ Kd3 48. Rb7 d4 49. Rxb4 Re2 50. Kf1 Rxe5 51. Rb7 Kc2 52. Rc7+ Kd2
53. Rxg7 d3 54. Re7 Kc2 55. Rc7+ Kd1 56. Rc6 d2 57. g4 Re1+ 58. Kg2 e5 59. Rxg6
Ke2 60. Rd6 d1=Q 61. Rxd1 Rxd1 62. g5 e4 63. g6 Rd6 64. h5 Rd5 65. Kg3 Rxh5 66.
Kf4 Rh4+ 67. Kf5 Kf3 0-1